| 000 -LEADER | |
|---|---|
| fixed length control field | 00415nam a22001697a 4500 |
| 005 - DATE AND TIME OF LATEST TRANSACTION | |
| control field | 20160701105439.0 |
| 008 - FIXED-LENGTH DATA ELEMENTS--GENERAL INFORMATION | |
| fixed length control field | 160701b xxu||||| |||| 00| 0 eng d |
| 020 ## - INTERNATIONAL STANDARD BOOK NUMBER | |
| ISBN | 978-93-5014-031-4 |
| 041 ## - LANGUAGE CODE | |
| Language code of text/sound track or separate title | eng |
| 082 ## - DEWEY DECIMAL CLASSIFICATION NUMBER | |
| Item number | 18081 |
| 100 ## - MAIN ENTRY--AUTHOR NAME | |
| Personal name | Singh, Tarlok |
| 245 ## - TITLE STATEMENT | |
| Title | Bascis Electrical Engineering |
| 260 ## - PUBLICATION, DISTRIBUTION, ETC. (IMPRINT) | |
| Name of publisher | S.K. Kataria & Sons |
| Year of publication | 2012 |
| 300 ## - PHYSICAL DESCRIPTION | |
| Number of Pages | 293 |
| 650 ## - SUBJECT ADDED ENTRY--TOPICAL TERM | |
| Topical Term | Diploma Engineering |
| 942 ## - ADDED ENTRY ELEMENTS (KOHA) | |
| Koha item type | Books |
| Lost status | Damaged status | Home library | Current library | Shelving location | Date acquired | Cost, normal purchase price | Full call number | Accession Number | Koha item type | Collection code |
|---|---|---|---|---|---|---|---|---|---|---|
| JRU Library | SHELF-36-E | 01/07/2016 | 175.00 | 18081 | 18081 | Books | ||||
| JRU Library | SHELF-36-E | 01/07/2016 | 175.00 | 18081 | 18082 | Books | ||||
| JRU Library | SHELF-36-E | 01/07/2016 | 175.00 | 18081 | 18083 | Books | ||||
| JRU Library | JRU Library | SHELF-58-E | 01/07/2016 | 175.00 | 18081 | 18084 | Books | MINING | ||
| JRU Library | 01/07/2016 | 175.00 | 18081 | 18085 | Books | |||||
| JRU Library | SHELF-36-E | 01/07/2016 | 175.00 | 18081 | 18086 | Books | ||||
| JRU Library | JRU Library | SHELF-36-E | 01/07/2016 | 175.00 | 18081 | 18087 | Books | MINING | ||
| JRU Library | JRU Library | SHELF-58-E | 01/07/2016 | 175.00 | 18081 | 18088 | Books | MINING | ||
| JRU Library | JRU Library | SHELF-58-E | 01/07/2016 | 175.00 | 18081 | 18089 | Books | MINING | ||
| JRU Library | 01/07/2016 | 175.00 | 18081 | 18090 | Books | |||||
| JRU Library | JRU Library | SHELF-58-E | 01/07/2016 | 175.00 | 18081 | 18091 | Books | MINING | ||
| JRU Library | JRU Library | SHELF-58-E | 01/07/2016 | 175.00 | 18081 | 18092 | Books | MINING | ||
| JRU Library | SHELF-36-E | 01/07/2016 | 175.00 | 18081 | 18093 | Books | ||||
| JRU Library | 01/07/2016 | 175.00 | 18081 | 18094 | Books | |||||
| JRU Library | SHELF-36-E | 01/07/2016 | 175.00 | 18081 | 18095 | Books | ||||
| JRU Library | JRU Library | SHELF-58-E | 01/07/2016 | 175.00 | 18081 | 18096 | Books | MINING | ||
| JRU Library | SHELF-36-E | 01/07/2016 | 175.00 | 18081 | 18097 | Books | ||||
| JRU Library | SHELF-36-E | 01/07/2016 | 175.00 | 18081 | 18098 | Books | ||||
| JRU Library | JRU Library | SHELF-58-E | 01/07/2016 | 175.00 | 18081 | 18099 | Books | MINING | ||
| JRU Library | 01/07/2016 | 175.00 | 18081 | 18100 | Books | |||||
| JRU Library | SHELF-36-E | 01/07/2016 | 175.00 | 18081 | 18101 | Books |